Les entreprises publiques dans l' union Europeenne : entre concurrence et interet general
Saved in:
| Main Author: | |
|---|---|
| Corporate Author: | |
| Other Authors: | |
| Format: | Book |
| Language: | French |
| Published: |
Paris :
Pedone,
1995
|
| Series: | Etudes de droit des Communautes europeennes
|
| Subjects: | |
| Tags: |
Add Tag
No Tags, Be the first to tag this record!
|
MARC
| LEADER | 00000nam a2200000 i 4500 | ||
|---|---|---|---|
| 001 | 1/51759 | ||
| 008 | 970122s1995 fre d | ||
| 020 | |a 2-233-00270-9 | ||
| 035 | |l 10027228 | ||
| 040 | |a GR-MY-UA |b gre |e aacr | ||
| 041 | 0 | |a fre | |
| 082 | 0 | |a 346.067 | |
| 100 | 1 | |a Thiry, Bernard. | |
| 110 | 2 | |a Etudes des droit |b des communautes Europeennes. | |
| 245 | 1 | 4 | |a Les entreprises publiques dans l' union Europeenne : |b entre concurrence et interet general / |c Bernard Thiry, Jacques Vandamme |
| 260 | |a Paris : |b Pedone, |c 1995 | ||
| 300 | |a 170 p. | ||
| 490 | 1 | |a Etudes de droit des Communautes europeennes | |
| 650 | 0 | 0 | |a Government business enterprises |x Law and legislation |z European Union countries. |
| 700 | 1 | |a Vandamme, Jacques. | |
| 830 | 0 | |a Etudes de droit des Communautes europeennes | |
| 852 | |a INST |b CHIOS |e 19970122 |h 346.067 THI |p 005200010816 |q 005200010816 |t BK |y 0 | ||
| 909 | |a Χ |b 049313 | ||